| 000 | 00593nam a22001817a 4500 | ||
|---|---|---|---|
| 008 | 160123b xxu||||| |||| 00| 0 eng d | ||
| 020 | _a978-971-9617-86-0 | ||
| 082 |
_22016 _aDFil 363.22 _bB14p |
||
| 100 |
_912350 _aBadua, Jonah Barayuga. |
||
| 245 |
_aPolice personnel and records management/ _cJonah Barayuga Badua |
||
| 250 | _aSecond Edition | ||
| 260 |
_aQuezon City : _bWiseman's Books Trading Inc., _cc2016. |
||
| 300 |
_aiv, 216 pages ; _c22 cm. |
||
| 500 | _aIncludes references. | ||
| 650 | 0 |
_912351 _aPolice _xPersonnel management. |
|
| 365 |
_b398.00 _cPhp |
||
| 942 |
_2ddc _cDFIL |
||
| 999 |
_c3710 _d3710 |
||